| 000 -LEADER | |
|---|---|
| fixed length control field | 00449nam a22001697a 4500 |
| 005 - DATE AND TIME OF LATEST TRANSACTION | |
| control field | 20180720102210.0 |
| 008 - FIXED-LENGTH DATA ELEMENTS--GENERAL INFORMATION | |
| fixed length control field | 160514b xxu||||| |||| 00| 0 eng d |
| 020 ## - INTERNATIONAL STANDARD BOOK NUMBER | |
| ISBN | 978-81-203-3565-3 |
| 041 ## - LANGUAGE CODE | |
| Language code of text/sound track or separate title | Judgeeng |
| 082 ## - DEWEY DECIMAL CLASSIFICATION NUMBER | |
| Item number | 2393 |
| Classification number | 658.3 |
| 100 ## - MAIN ENTRY--AUTHOR NAME | |
| Personal name | ROBBINS, STEPHEN P. & JUDGE, TIMOTHY, A |
| 245 ## - TITLE STATEMENT | |
| Title | Understanding Organizational Behaviour |
| 260 ## - PUBLICATION, DISTRIBUTION, ETC. (IMPRINT) | |
| Place of publication | New Delhi |
| Name of publisher | PHI, |
| Year of publication | 2007 |
| 300 ## - PHYSICAL DESCRIPTION | |
| Number of Pages | 683p, |
| 650 ## - SUBJECT ADDED ENTRY--TOPICAL TERM | |
| Topical Term | Management |
| 942 ## - ADDED ENTRY ELEMENTS (KOHA) | |
| Koha item type | Books |
| Lost status | Damaged status | Collection code | Home library | Current library | Shelving location | Date acquired | Cost, normal purchase price | Full call number | Accession Number | Koha item type |
|---|---|---|---|---|---|---|---|---|---|---|
| Reference | JRU Library | SHELF-29-J | 14/05/2016 | 450.00 | 658.3 | 2393 | Books | |||
| MANAGEMENT | JRU Library | JRU Library | SHELF-64-E | 14/05/2016 | 450.00 | 658.3 | 2394 | Books | ||
| MANAGEMENT | JRU Library | JRU Library | 14/05/2016 | 450.00 | 658.3 | 2395 | Books | |||
| MANAGEMENT | JRU Library | JRU Library | SHELF-64-E | 14/05/2016 | 450.00 | 658.3 | 2396 | Books | ||
| MANAGEMENT | JRU Library | JRU Library | SHELF-64-E | 14/05/2016 | 450.00 | 658.3 | 2397 | Books | ||
| MANAGEMENT | JRU Library | JRU Library | SHELF-64-E | 14/05/2016 | 450.00 | 658.3 | 2398 | Books | ||
| MANAGEMENT | JRU Library | JRU Library | 14/05/2016 | 450.00 | 658.3 | 2399 | Books | |||
| MANAGEMENT | JRU Library | JRU Library | SHELF-65-G | 14/05/2016 | 450.00 | 658.3 | 2400 | Books | ||
| MANAGEMENT | JRU Library | JRU Library | SHELF-65-G | 14/05/2016 | 450.00 | 658.3 | 2401 | Books | ||
| MANAGEMENT | JRU Library | JRU Library | Shelf - 27- B | 14/05/2016 | 450.00 | 658.3 | 2402 | Books | ||
| MANAGEMENT | JRU Library | JRU Library | 14/05/2016 | 450.00 | 658.3 | 2403 | Books | |||
| MANAGEMENT | JRU Library | JRU Library | 14/05/2016 | 450.00 | 658.3 | 2404 | Books | |||
| MANAGEMENT | JRU Library | JRU Library | SHELF-65-G | 14/05/2016 | 450.00 | 658.3 | 2405 | Books | ||
| MANAGEMENT | JRU Library | JRU Library | SHELF-65-G | 14/05/2016 | 450.00 | 658.3 | 2406 | Books | ||
| MANAGEMENT | JRU Library | JRU Library | 14/05/2016 | 450.00 | 658.3 | 2407 | Books | |||
| MANAGEMENT | JRU Library | JRU Library | SHELF-65-G | 14/05/2016 | 450.00 | 658.3 | 2408 | Books | ||
| MANAGEMENT | JRU Library | JRU Library | 14/05/2016 | 450.00 | 658.3 | 2409 | Books |